Cambridge global English activity book 6 / (Record no. 9750)

MARC details
000 -LEADER
fixed length control field 01495nam a22002417a 4500
001 - CONTROL NUMBER
control field 9750
003 - CONTROL NUMBER IDENTIFIER
control field FISKH
005 - DATE AND TIME OF LATEST TRANSACTION
control field 20260204155409.0
008 - FIXED-LENGTH DATA ELEMENTS--GENERAL INFORMATION
fixed length control field 260204b cb ||||| |||| 00| 0 eng d
020 ## - INTERNATIONAL STANDARD BOOK NUMBER
International Standard Book Number 9781107626867
040 ## - CATALOGING SOURCE
Original cataloging agency FISKH
Language of cataloging eng
Transcribing agency FISKH
Modifying agency FISKH
050 ## - LIBRARY OF CONGRESS CALL NUMBER
Classification number PZ7
082 ## - DEWEY DECIMAL CLASSIFICATION NUMBER
Classification number 428.2
100 ## - MAIN ENTRY--PERSONAL NAME
Personal name Boylan, Jane
Relator term Author
245 ## - TITLE STATEMENT
Title Cambridge global English activity book 6 /
Statement of responsibility, etc. Jane Boylan and Claire Medwell
260 ## - PUBLICATION, DISTRIBUTION, ETC.
Place of publication, distribution, etc. Cambridge :
Name of publisher, distributor, etc. Cambridge University Press ,
Date of publication, distribution, etc. 2014
300 ## - PHYSICAL DESCRIPTION
Extent 111 pages :
Other physical details illustrations ;
Dimensions 28 cm
520 ## - SUMMARY, ETC.
Summary, etc. Cambridge Global English (1-6) is a six-level Primary course following the Cambridge Primary English as a Second Language Curriculum Framework developed by Cambridge English Language Assessment. Activity Book 6 provides additional practice activities to consolidate language skills and content material introduced in Learner's Book 6. Nine units correspond with the topics, texts and language input of Learner's Book 6 with each lesson of the Learner's Book supported by two pages in the Activity Book. Learning is reinforced through activities clearly framed within the 'I can' objectives of the course, opportunities for personalisation and creative work and a higher level of challenge to support differentiation. Each unit in the Activity Book ends with revision and opportunity for self-assessment. CEFR Level: A2 towards B1.
650 ## - SUBJECT ADDED ENTRY--TOPICAL TERM
Topical term or geographic name entry element Learner's book
700 ## - ADDED ENTRY--PERSONAL NAME
Personal name Medwell, Claire
Relator term Author
942 ## - ADDED ENTRY ELEMENTS (KOHA)
Source of classification or shelving scheme Dewey Decimal Classification
Koha item type Books
Suppress in OPAC No
Holdings
Withdrawn status Lost status Source of classification or shelving scheme Damaged status Not for loan Collection Home library Current library Shelving location Date acquired Total Checkouts Full call number Barcode Date last seen Copy number Price effective from Koha item type
    Dewey Decimal Classification     Reference Footprints International School Library Network Toul Tom Poung Campus Footprints International School Library Network Toul Tom Poung Campus Librarian's Shelf TTP 02/04/2026   BOY 428.2 PZ7 2026-0245 02/04/2026 1 02/04/2026 Books